Países mais e menos religiosos - Statistics

Estatísticas Gerais
  • Esse quiz foi jogado 139 vezes
  • A pontuação média é 6 de 20
Estatísticas das Respostas
% Países % Correto
7 China
86%
13 Japão
81%
30 Israel
58%
19 Suécia
52%
34 Alemanha
47%
26 Hong Kong
42%
30 Reino Unido
38%
94 Tailândia
35%
34 Vietnã
34%
91 África do Sul
27%
26 Holanda
27%
93 Marrocos
27%
90 Argélia
26%
93 Bangladesh
18%
23 República Tcheca
11%
93 Armênia
7%
93 Geórgia
7%
89 Quênia
7%
92 Fiji
4%
88 Macedônia do Norte
4%
Nenhum quiz correspondente encontrado
Distribuição das Pontuações
Porcentagem de Pessoas com Cada Pontuação
Percentil de Números Respondidos
Sua Pontuação Histórica
Você não jogou esse quiz